000 00509nmm a2200169Ia 4500
008 251105s9999||||xx |||||||||||||||||und||
041 _aspa
100 _aFolch Permanyer, Francesc Borja
245 0 _aLa última tentación de Autumn Laing
264 _a[Madrid, España] :
_bEdiciones B,
_c2014
300 _a408 páginas
650 _aOther narratives
700 _aFolch Permanyer, Francesc Borja
700 1 _a Miller, Alex
856 _uhttps://public.digitaliapublishing.com/a/52973
942 _cCF
999 _c65554
_d65554